000 00671nam a2200205 a 4500
001 000907510
003 AM-YEHGA
005 20250617163957.0
008 120723s1962 ru r 000 0 rus d
040 _aAM-YeHGA
041 0 _arus
100 1 _aКавун, Василий Михайлович
245 1 0 _aВыращивайте горох - это выгодно /
_cВ.М. Кавун.
260 _aКиев :
_bСельхозгиз УССР,
_c1962.
300 _a72 с. :
_bпортр., рис. ;
_c20 см.
440 0 _aШкола передового опыта
650 1 4 _aБахчевые культуры
650 1 4 _aГорох
090 _c519337
999 _c515796
_d515796